Представление документа в формате MARC21

Поле Инд. ПП Название Значение
Тип записи a
Библиографический уровень b
001 Контрольный номер RU/IS/BASE/648653234
005 Дата корректировки 20200721132714.5
040 b Код языка каталог. rus
e Правила каталог. PSBO
041 0_ a Код языка текста rus
097 b Оператор Зайцева
100 a Автор Мейер Кшиштоф
245 10 a Заглавие Кшиштоф Пендерецкий. Штрихи к портрету молодого музыканта
260 c Дата издания 2020
600 a Персоналии Пендерецкий Кшиштоф
653 a Ключевые слова музыка
653 1_ a Ключевые слова музыкант
653 1_ a Ключевые слова композитор
653 1_ a Ключевые слова Польша
773 08 w Контрольный № источника RU/IS/BASE/648653053
t Название источника Музыкальная академия
d Место и дата издания 2020
g Прочая информация № 2. - с. 6-11
901 t Тип документа b